Loading...
Pygmalion
| Hovedforfatter: | |
|---|---|
| Format: | Printed Book |
| Udgivet: |
Delhi
Surjeet
2009
|
| Fag: |
| LEADER | 00450nam a22001457a 4500 | ||
|---|---|---|---|
| 082 | |a 822.8 |b SHA/P | ||
| 100 | |a Shaw,Bernard | ||
| 245 | |a Pygmalion | ||
| 260 | |a Delhi |b Surjeet |c 2009 | ||
| 300 | |a 195p. | ||
| 650 | |a English drama | ||
| 650 | |a English literature | ||
| 942 | |c BK | ||
| 999 | |c 39524 |d 39524 | ||
| 952 | |0 0 |1 0 |4 0 |6 822_800000000000000_SHAP |7 0 |8 Stack |9 42069 |a KUCL |b KUCL |c Stack |d 2016-05-18 |g 50.00 |l 1 |o 822.8 SHA/P |p 40741 |r 2017-11-17 |s 2017-10-24 |w 2016-05-18 |y BK | ||